Výpoveď obchodnej zmluvy

Výpoveď ako spôsob zániku obchodnej zmluvy. Právne úpravy výpovede podľa Obchodného zákonníka. Právna povaha výpovede. Podmienky, za ktorých je možné obchodnú zmluvu vypovedať. Forma a náležitosti výpovede. Dojednanie výpovednej lehoty. Právne účinky výpovede.

Saved in:
Bibliographic Details
Format: Book Chapter
Language:Slovak
Subjects:
Tags: Add Tag
No Tags, Be the first to tag this record!

MARC

LEADER 00000naa a2200000 4500
001 r033721
005 20230926073058.3
041 0 |a slo 
044 |a SK 
245 1 0 |a Výpoveď obchodnej zmluvy 
520 |a Výpoveď ako spôsob zániku obchodnej zmluvy. Právne úpravy výpovede podľa Obchodného zákonníka. Právna povaha výpovede. Podmienky, za ktorých je možné obchodnú zmluvu vypovedať. Forma a náležitosti výpovede. Dojednanie výpovednej lehoty. Právne účinky výpovede. 
610 2 0 |a vzťahy obchodné záväzkové 
610 2 0 |a zmluvy obchodné 
610 2 0 |a výpoveď 
610 2 0 |a úpravy právne 
610 2 0 |a zákonník obchodný